| 000 | 00773nam a2200241 a 4500 | ||
|---|---|---|---|
| 001 | 56860 | ||
| 003 | BD-RjUL | ||
| 005 | 20211209080437.0 | ||
| 008 | 161204s1925 enk||||| |||| 00| 0 eng d | ||
| 035 | _a(BD-RjUL) 56984 | ||
| 040 |
_aBD-RjUL _beng _cBD-RjUL _dBD-RjUL |
||
| 041 | _aeng | ||
| 082 |
_223 _a340.59 _bROS 1925 |
||
| 100 | 1 |
_aRoberts, Robert. _9169049 |
|
| 245 | 1 | 4 |
_aThe social laws of the Qorân : _bconsidered and compared with those of the Hebrew and other ancient codes / _cby Robert Roberts. |
| 260 |
_aLondon : _bWilliams and Norgate Ltd. _cc1925 |
||
| 300 |
_ax, 126 p. ; _c20 cm. |
||
| 650 |
_aIslamic Law _9169050 |
||
| 650 |
_aSlavery (Islamic law) _9169051 |
||
| 650 |
_aJewish law _9223671 |
||
| 650 |
_aLaw, Ancient _9223672 |
||
| 942 |
_2ddc _cBK |
||
| 999 |
_c56860 _d56860 |
||